[Event "August 1800+"]
[Site "SchemingMind.com"]
[Date "2015.08.10"]
[Round "-"]
[White "Stephen Woodhouse"]
[Black "frankly"]
[Result "0-1"]
[WhiteCountry "ENG"]
[BlackCountry "ENG"]
[WhiteElo "1854"]
[WhiteRD "48"]
[BlackElo "2460"]
[BlackRD "56"]
[GameID "384773"]

1. e4 c5 2. c3 e6 3. d4 d5 4. exd5 exd5 5. Nf3 Bd6 6. Bb5+ Bd7 7. Bxd7+ Nxd7 8. O-O Ne7 9. dxc5 Nxc5 10. Be3 O-O
11. Nbd2 b6 12. Nb3 Ne4 13. Nfd2 Qc7 14. g3 Rfe8 15. Re1 Nc6 16. Nd4 Bc5 17. Nxe4 Bxd4 18. Bxd4 dxe4 19. Qd2 Rad8 20. Qe3 Nxd4
21. cxd4 Qd7 22. Rad1 Qd5 23. f3 Qxa2 24. fxe4 Qxb2 25. e5 Qb5 26. Ra1 a5 27. Rab1 Qc6 28. Rec1 Qb7 29. Rb5 a4 30. Rc4 Qa6
31. Rcb4 a3 32. Rxb6 Qa5 33. R6b5 Qa8 34. Rb1 Qa4 35. R5b3 a2 36. Ra1 Rb8 37. Rxb8 Rxb8 38. Qd3 Rb2 39. d5 Qa7+ 40. Kh1 Qf2
0-1

[Event "August 1800+"]
[Site "SchemingMind.com"]
[Date "2015.08.10"]
[Round "-"]
[White "frankly"]
[Black "Stephen Woodhouse"]
[Result "1-0"]
[WhiteCountry "ENG"]
[BlackCountry "ENG"]
[WhiteElo "2460"]
[WhiteRD "56"]
[BlackElo "1854"]
[BlackRD "48"]
[GameID "384774"]

1. d4 e6 2. e4 d5 3. Nc3 Nf6 4. Bg5 dxe4 5. Nxe4 Be7 6. Bxf6 Bxf6 7. Nf3 O-O 8. Bc4 Nd7 9. O-O e5 10. dxe5 Nxe5
11. Nxe5 Bxe5 12. Bxf7+ Kxf7 13. Qh5+ Kg8 14. Qxe5 Bf5 15. Rad1 Qh4 16. Ng3 Bxc2 17. Rd7 Rf7 18. Rxf7
1-0

[Event "August 1800+"]
[Site "SchemingMind.com"]
[Date "2015.08.11"]
[Round "-"]
[White "Abstract Actuary"]
[Black "Stephen Woodhouse"]
[Result "1-0"]
[WhiteCountry "USA"]
[BlackCountry "ENG"]
[WhiteElo "1876"]
[WhiteRD "69"]
[BlackElo "1854"]
[BlackRD "48"]
[GameID "385859"]

1. e4 e6 2. d4 d5 3. Nd2 c5 4. exd5 Qxd5 5. Ngf3 cxd4 6. Bc4 Qd6 7. O-O Nf6 8. Nb3 Nc6 9. Nbxd4 Nxd4 10. Nxd4 a6
11. Re1 Qc7 12. Qd3 Bd6 13. h3 O-O 14. Bg5 Be5 15. Qe3 Nd7 16. Bd3 Bf6 17. Rad1 Bxg5 18. Qxg5 h6 19. Qh4 Ne5 20. Re3 Bd7
21. Rg3 Nxd3 22. Rdxd3 Kh7 23. c3 Rad8 24. Nf3 Bc6 25. Ng5+ Kh8 26. Nxf7+ Qxf7 27. Rxd8 Qxf2+ 28. Kh2 Rxd8 29. Qxd8+ Kh7 30. Qd4
1-0

[Event "August 1800+"]
[Site "SchemingMind.com"]
[Date "2015.08.11"]
[Round "-"]
[White "Stephen Woodhouse"]
[Black "Abstract Actuary"]
[Result "1/2-1/2"]
[WhiteCountry "ENG"]
[BlackCountry "USA"]
[WhiteElo "1854"]
[WhiteRD "48"]
[BlackElo "1876"]
[BlackRD "69"]
[GameID "385860"]

1. e4 e5 2. Nf3 Nf6 3. d4 Nxe4 4. Bd3 Nc6 5. Nxe5 Nxe5 6. Bxe4 d5 7. dxe5 dxe4 8. Qxd8+ Kxd8 9. Nc3 Bb4 10. Bg5+ Ke8
11. O-O-O Bg4 12. Rd4 Bxc3 13. bxc3 h6 14. Rxe4 Be6 15. Be3 Bd5 16. Rg4 g5 17. c4 Be6 18. Rd4 c5 19. Rd6 b6 20. Rhd1 Bxc4
21. Kb2 Be6 22. a4 Ke7 23. Kc3 Rhd8 24. Rxd8=
1/2-1/2

[Event "August 1800+"]
[Site "SchemingMind.com"]
[Date "2015.08.11"]
[Round "-"]
[White "Abstract Actuary"]
[Black "frankly"]
[Result "0-1"]
[WhiteCountry "USA"]
[BlackCountry "ENG"]
[WhiteElo "1876"]
[WhiteRD "69"]
[BlackElo "2460"]
[BlackRD "56"]
[GameID "385861"]

1. e4 c5 2. d4 cxd4 3. c3 e5 4. cxd4 exd4 5. Nf3 Bc5 6. Bc4 Nc6 7. O-O d6 8. Nbd2 Nf6 9. Re1 O-O 10. Nb3 Bg4
11. h3 Bxf3 12. Qxf3 Ne5 13. Qe2 Qb6 14. Bf4 d3 15. Bxd3 Nxd3 16. Qxd3 Bxf2+ 17. Kh1 Bxe1 18. Rxe1 Rfe8 19. Qxd6 Qxd6 20. Bxd6 Nxe4
0-1

[Event "August 1800+"]
[Site "SchemingMind.com"]
[Date "2015.08.11"]
[Round "-"]
[White "frankly"]
[Black "Abstract Actuary"]
[Result "1-0"]
[WhiteCountry "ENG"]
[BlackCountry "USA"]
[WhiteElo "2460"]
[WhiteRD "56"]
[BlackElo "1876"]
[BlackRD "69"]
[GameID "385862"]

1. d4 Nf6 2. Nf3 e6 3. Bf4 d5 4. e3 c5 5. c4 Nc6 6. Nc3 dxc4 7. dxc5 Qxd1+ 8. Rxd1 Bxc5 9. Bxc4 a6 10. O-O O-O
11. Rc1 Ba7 12. Be2 Rd8 13. Ne5 Nxe5 14. Bxe5 Nd5 15. Rfd1 f6 16. Bg3 Kf7 17. Bh5+ g6 18. Bf3 Ke7 19. Bxd5 exd5 20. Nxd5+ Kf7
21. Rc7+ Kf8 22. Rxh7 Bg4 23. Rc1 Rac8 24. Rxc8 Rxc8 25. Bd6+
1-0

[Event "August 1800+"]
[Site "SchemingMind.com"]
[Date "2015.08.11"]
[Round "-"]
[White "Abstract Actuary"]
[Black "shg"]
[Result "0-1"]
[WhiteCountry "USA"]
[BlackCountry "POL"]
[WhiteElo "1876"]
[WhiteRD "69"]
[BlackElo "2358"]
[BlackRD "75"]
[GameID "385870"]

1. e4 e6 2. d4 d5 3. Nd2 dxe4 4. Nxe4 Nd7 5. Nf3 Ngf6 6. Bd3 Nxe4 7. Bxe4 Nf6 8. Bd3 c5 9. dxc5 Bxc5 10. Bg5 h6
11. Bh4 O-O 12. O-O b6 13. Qe2 Bb7 14. Rad1 Qc7 15. Bg3 Qc6 16. Bb5 Qe4 17. c3 a6 18. Qxe4 Nxe4 19. Be2 Rfd8 20. Be5 Rxd1
21. Rxd1 Nxf2 22. Rd4 Ng4 23. Bg3 e5
0-1

[Event "August 1800+"]
[Site "SchemingMind.com"]
[Date "2015.08.11"]
[Round "-"]
[White "shg"]
[Black "Abstract Actuary"]
[Result "1-0"]
[WhiteCountry "POL"]
[BlackCountry "USA"]
[WhiteElo "2358"]
[WhiteRD "75"]
[BlackElo "1876"]
[BlackRD "69"]
[GameID "385871"]

1. d4 Nf6 2. c4 e6 3. Nf3 Bb4+ 4. Bd2 Qe7 5. g3 d5 6. Bg2 O-O 7. Qc2 c6 8. O-O Na6 9. Nc3 Nc7 10. a3 Bxc3
11. Bxc3 b6 12. cxd5 Ncxd5 13. Bd2 Bb7 14. e4 Nc7 15. Bb4 c5 16. dxc5 Na6 17. c6 Nxb4 18. axb4 Qc7 19. Nd4 Rfc8 20. cxb7
1-0

[Event "August 1800+"]
[Site "SchemingMind.com"]
[Date "2015.08.12"]
[Round "-"]
[White "Stephen Woodhouse"]
[Black "shg"]
[Result "0-1"]
[WhiteCountry "ENG"]
[BlackCountry "POL"]
[WhiteElo "1854"]
[WhiteRD "48"]
[BlackElo "2358"]
[BlackRD "75"]
[GameID "385872"]

1. e4 e6 2. d4 d5 3. Nd2 Nf6 4. e5 Nfd7 5. Bd3 c5 6. c3 Nc6 7. Ne2 cxd4 8. cxd4 f6 9. exf6 Nxf6 10. O-O Bd6
11. Nf3 O-O 12. Bf4 Bxf4 13. Nxf4 Ne4 14. Qc1 Ng5 15. Nxg5 Qxg5 16. Ne2 Qf6 17. Qe3 a6 18. Rad1 Bd7 19. Qh3 g6 20. Bb1 Qe7
21. Qe3 Rae8 22. Rfe1 Qb4 23. b3 e5 24. dxe5 Rxe5 25. Qc3 Rfe8 26. Qxb4 Nxb4 27. Kf1 Bb5 28. Rd2 d4 29. a4 Rxe2 30. Rexe2 Bxe2+
31. Rxe2 Rc8 32. f4 d3 33. Re1 Rc3 34. Rd1 Rxb3 35. Kf2 Ra3 36. Ke3 Rxa4 37. Bxd3 Ra3
0-1

[Event "August 1800+"]
[Site "SchemingMind.com"]
[Date "2015.08.11"]
[Round "-"]
[White "shg"]
[Black "Stephen Woodhouse"]
[Result "1-0"]
[WhiteCountry "POL"]
[BlackCountry "ENG"]
[WhiteElo "2358"]
[WhiteRD "75"]
[BlackElo "1854"]
[BlackRD "48"]
[GameID "385873"]

1. d4 e6 2. c4 d5 3. Nc3 c5 4. cxd5 exd5 5. Nf3 Nc6 6. g3 Nf6 7. Bg2 Be7 8. O-O O-O 9. Bg5 c4 10. Ne5 Be6
11. Nxc6 bxc6 12. b3 cxb3 13. axb3 h6 14. Bf4 Qd7 15. Na4 Rfe8 16. Qd3 g5 17. Be3 Bh3 18. Nc5 Bxc5 19. dxc5 Bxg2 20. Kxg2 Ng4
21. Bd4 Qe6 22. h3 Ne5 23. Qc2 Ng6 24. Ra6 Qxe2 25. Qxe2 Rxe2 26. Rxc6 a5 27. Ra1 Ne5 28. Rxh6 Rb8 29. Rxa5 Rxb3 30. c6
1-0

[Event "August 1800+"]
[Site "SchemingMind.com"]
[Date "2015.08.12"]
[Round "-"]
[White "frankly"]
[Black "shg"]
[Result "0-1"]
[WhiteCountry "ENG"]
[BlackCountry "POL"]
[WhiteElo "2463"]
[WhiteRD "57"]
[BlackElo "2381"]
[BlackRD "76"]
[GameID "385874"]

1. d4 Nf6 2. Nf3 g6 3. c4 Bg7 4. Nc3 O-O 5. e4 d6 6. h3 e5 7. d5 Nh5 8. a3 Qe7 9. Bg5 f6 10. Be3 f5
11. exf5 gxf5 12. Bg5 Qf7 13. Be2 Qg6 14. h4 Na6 15. O-O Nf6 16. Rc1 f4 17. Nd2 Kh8 18. b4 Bh6 19. Bxf6+ Qxf6 20. Re1 Rg8
21. Nce4 Qxh4 22. Nf3 Qe7 23. Bf1 Bg4 24. Qd3 Raf8 25. Rc3 Rf7 26. b5 Nb8 27. c5 b6 28. c6 Bc8 29. a4 Rfg7 30. a5 Rg4
31. Nh2 R4g6 32. Ra1 Bf5 33. Nf3 Qg7 34. Ne1 Bg5 35. axb6 axb6 36. Be2 Bd8 37. Bf3 h5 38. Ra8 h4 39. Kf1 Be7 40. Ra7 Rc8
41. Rca3 Rh6 42. Rb7 h3 43. gxh3 Rxh3 44. Ra1 Bh4 45. Ra8 Rg8 46. Ng2 Qxg2+ 47. Bxg2 Rxd3 48. Rbxb8 Rxb8 49. Rxb8+ Kg7 50. f3 Rxd5
51. Rb7 Kg6 52. Rxc7 Rd1+ 53. Ke2 Re1+ 54. Kd2 Rg1 55. Nxd6 Rxg2+
0-1

[Event "August 1800+"]
[Site "SchemingMind.com"]
[Date "2015.08.11"]
[Round "-"]
[White "shg"]
[Black "frankly"]
[Result "0-1"]
[WhiteCountry "POL"]
[BlackCountry "ENG"]
[WhiteElo "2381"]
[WhiteRD "76"]
[BlackElo "2463"]
[BlackRD "57"]
[GameID "385875"]

1. d4 Nf6 2. c4 e6 3. Nf3 Bb4+ 4. Nbd2 O-O 5. a3 Bxd2+ 6. Qxd2 d6 7. Qc2 Qe7 8. Bg5 Nbd7 9. e3 b6 10. Nd2 Bb7
11. f3 h6 12. Bh4 d5 13. Bd3 c5 14. O-O Rac8 15. Qa4 cxd4 16. exd4 g5 17. Bf2 dxc4 18. Nxc4 Nd5 19. Rfc1 Rfd8 20. Bf1 N7f6
21. Re1 Rd7 22. Rad1 Kg7 23. Ne5 Rdc7 24. Qb3 h5 25. Bd3 h4 26. Ra1 Nh5 27. Bf1 f6 28. Nc4 Nhf4 29. Nd2 Kg8 30. Nc4 Nxg2
31. Kxg2 Nf4+ 32. Kg1 Bd5 33. Rec1 Qh7 34. Be3 Qh5 35. Bd2 b5 36. Rc3 bxc4 37. Qc2 Kh8 38. Bxf4 gxf4 39. Qd2 Rg7+ 40. Kf2 Qg5
41. Bh3 Rb8 42. Qe2 e5 43. dxe5 fxe5 44. Rb1 Be6 45. Bg4 e4 46. h3 e3+ 47. Kg1 Rd7 48. b4 Rd2 49. Qe1 Rbd8 50. a4 Bd5
0-1

[Event "August 1800+"]
[Site "SchemingMind.com"]
[Date "2015.08.18"]
[Round "-"]
[White "Abstract Actuary"]
[Black "John Hamer"]
[Result "0-1"]
[WhiteCountry "USA"]
[BlackCountry "ENG"]
[WhiteElo "1897"]
[WhiteRD "70"]
[BlackElo "2029"]
[BlackRD "60"]
[GameID "386070"]

1. e4 c6 2. d4 d5 3. Nc3 dxe4 4. Nxe4 Bf5 5. Ng3 Bg6 6. h4 h6 7. Nf3 Nf6 8. Ne5 Bh7 9. Bd3 Nbd7 10. Bxh7 Nxe5
11. Bf5 Ned7 12. Bf4 Qb6 13. Rb1 e6 14. Bh3 Nd5 15. Be3 O-O-O 16. Qf3 Bb4+ 17. Kd1 Ne5 18. Qe2 Bc3 19. dxe5 Nxe3+ 20. Kc1 Bd2+
21. Qxd2 Rxd2 22. Kxd2 Nc4+ 23. Ke2 Qb5 24. Ke1 Qxe5+ 25. Ne2 Rd8 26. f4 Qa5+ 27. Kf2 Qb6+ 28. Ke1 Nd2 29. Rd1 Ne4 30. Rf1 Rxd1+
31. Kxd1 Qe3 32. Ke1 Qd2#
0-1

[Event "August 1800+"]
[Site "SchemingMind.com"]
[Date "2015.08.17"]
[Round "-"]
[White "John Hamer"]
[Black "Abstract Actuary"]
[Result "0-1"]
[WhiteCountry "ENG"]
[BlackCountry "USA"]
[WhiteElo "2014"]
[WhiteRD "60"]
[BlackElo "1876"]
[BlackRD "69"]
[GameID "386071"]

1. e4 e5 2. Nf3 Nf6 3. Bc4 Nxe4 4. Nc3 Nc6 5. Nxe4 d5 6. Bb5 dxe4 7. Nxe5 Qg5 8. Bxc6+ bxc6 9. d4 Qxg2 10. Rf1 Bh3
11. Qe2 Qxf1+ 12. Qxf1 Bxf1 13. Kxf1 c5
0-1

[Event "August 1800+"]
[Site "SchemingMind.com"]
[Date "2015.08.16"]
[Round "-"]
[White "John Hamer"]
[Black "Stephen Woodhouse"]
[Result "1/2-1/2"]
[WhiteCountry "ENG"]
[BlackCountry "ENG"]
[WhiteElo "2014"]
[WhiteRD "60"]
[BlackElo "1854"]
[BlackRD "48"]
[GameID "386072"]

1. d4 e6 2. c4 d5 3. g3 c5 4. Bg2 Nc6 5. Nf3 Nf6 6. O-O Be7 7. dxc5 Bxc5 8. a3 dxc4 9. Qa4 O-O 10. Qxc4 Be7
11. Nc3 e5 12. Rd1 Be6 13. Qa4 Qc7 14. Be3 Rfd8 15. Ng5 Bd7 16. Nb5 Qb8 17. Rac1 h6 18. Ne4 Nxe4 19. Bxe4 a6 20. Nc3 Nd4
21. Qc4 Be6 22. Nd5 Bxd5 23. Bxd5 Rxd5 24. Qxd5 Nxe2+ 25. Kg2 Nxc1 26. Rxc1 b5 27. Bb6 Qe8 28. Qxe5 Bf6 29. Qxe8+ Rxe8=
1/2-1/2

[Event "August 1800+"]
[Site "SchemingMind.com"]
[Date "2015.08.17"]
[Round "-"]
[White "Stephen Woodhouse"]
[Black "John Hamer"]
[Result "0-1"]
[WhiteCountry "ENG"]
[BlackCountry "ENG"]
[WhiteElo "1854"]
[WhiteRD "48"]
[BlackElo "2014"]
[BlackRD "60"]
[GameID "386073"]

1. e4 e5 2. Nf3 f5 3. Nxe5 Qf6 4. d4 d6 5. Nc4 fxe4 6. Nc3 Qg6 7. Nd5 Qf7 8. Nde3 Nf6 9. Be2 Be6 10. O-O Nc6
11. Qd2 O-O-O 12. Na5 Nxa5 13. Qxa5 Kb8 14. c4 Be7 15. d5 Bd7 16. Nc2 Qg6 17. Kh1 Ng4 18. Bxg4 Bxg4 19. Nb4 Qh5 20. Be3 c5
21. Nc2 Be2 22. Rfc1 Bxc4 23. Na3 b6 24. Qa4 Bxd5 25. Nb5 Rd7 26. b4 Bf6 27. bxc5 Bxa1 28. Rxa1 Bc6 29. Rb1 dxc5 30. g4 Qxg4
31. Qb3 Qf3+ 32. Kg1 Rd3 33. Qa4 Qg4+ 34. Kh1 Bxb5 35. Qxb5 Qf3+ 36. Kg1 Rd1+ 37. Rxd1 Qxd1+ 38. Kg2 Qf3+
0-1

[Event "August 1800+"]
[Site "SchemingMind.com"]
[Date "2015.08.16"]
[Round "-"]
[White "John Hamer"]
[Black "frankly"]
[Result "0-1"]
[WhiteCountry "ENG"]
[BlackCountry "ENG"]
[WhiteElo "2014"]
[WhiteRD "60"]
[BlackElo "2460"]
[BlackRD "56"]
[GameID "386074"]

1. c4 e5 2. Nc3 Nc6 3. Nf3 f5 4. d4 e4 5. Ng5 Bb4 6. Nh3 Nf6 7. Nf4 O-O 8. h4 b6 9. Nd5 Nxd5 10. cxd5 Na5
11. Bg5 Qe8 12. Rc1 h6 13. Bf4 Bb7 14. Qa4 Qe7 15. a3 Bxc3+ 16. bxc3 Bxd5 17. c4 Bf7 18. e3 c5 19. Be2 cxd4 20. exd4 Nc6
21. d5 Ne5 22. Bxe5 Qxe5 23. Qxd7 Rad8 24. Qxa7 Qb2 25. Rd1 f4 26. Rh3 f3 27. gxf3 exf3 28. Rxf3 Rde8 29. Rd2 Qb1+ 30. Rd1 Rxe2+
31. Kxe2 Qe4+ 32. Re3 Bh5+ 33. Ke1 Qh1+
0-1

[Event "August 1800+"]
[Site "SchemingMind.com"]
[Date "2015.08.16"]
[Round "-"]
[White "frankly"]
[Black "John Hamer"]
[Result "1-0"]
[WhiteCountry "ENG"]
[BlackCountry "ENG"]
[WhiteElo "2460"]
[WhiteRD "56"]
[BlackElo "2014"]
[BlackRD "60"]
[GameID "386075"]

1. d4 Nf6 2. Nf3 g6 3. c4 Bg7 4. Nc3 O-O 5. e4 d6 6. Be2 Nbd7 7. O-O c5 8. d5 a6 9. a4 Rb8 10. h3 Ne5
11. Nxe5 dxe5 12. a5 Qd6 13. Be3 Bd7 14. Qb3 b6 15. Qc2 Rfc8 16. axb6 Rxb6 17. Ra5 Rbb8 18. Rfa1 Qb6 19. Qd3 Ra8 20. Qb1 Qd6
21. b4 cxb4 22. c5 Qc7 23. Qxb4 Rcb8 24. Qa3 e6 25. Rxa6 Rxa6 26. Qxa6 exd5 27. exd5 Rb3 28. Qc4 Qb8 29. c6 Rb4 30. c7 Qf8
31. Qc5
1-0

[Event "August 1800+"]
[Site "SchemingMind.com"]
[Date "2015.08.16"]
[Round "-"]
[White "John Hamer"]
[Black "shg"]
[Result "0-1"]
[WhiteCountry "ENG"]
[BlackCountry "POL"]
[WhiteElo "2029"]
[WhiteRD "60"]
[BlackElo "2381"]
[BlackRD "76"]
[GameID "386076"]

1. d4 Nf6 2. Nf3 g6 3. c4 Bg7 4. Nc3 O-O 5. e4 d6 6. Be2 e5 7. O-O Nc6 8. Be3 Re8 9. dxe5 dxe5 10. c5 Bg4
11. Bb5 Nh5 12. Nd5 Re6 13. Be2 Nf4 14. Bc4 Re8 15. h3 Bxf3 16. Qxf3 Ne6 17. b4 Ncd4 18. Qg4 c6 19. Nc3 Qe7 20. Rfc1 Red8
21. Qg3 a5 22. a3 Nf4 23. Rab1 axb4 24. axb4 Ra3 25. Rb2 Bf6 26. Kh1 Bh4 27. Qh2 Rxc3 28. Rxc3 Nf3
0-1

[Event "August 1800+"]
[Site "SchemingMind.com"]
[Date "2015.08.17"]
[Round "-"]
[White "shg"]
[Black "John Hamer"]
[Result "1-0"]
[WhiteCountry "POL"]
[BlackCountry "ENG"]
[WhiteElo "2381"]
[WhiteRD "76"]
[BlackElo "2029"]
[BlackRD "60"]
[GameID "386077"]

1. d4 Nf6 2. c4 e6 3. Nf3 c5 4. d5 exd5 5. cxd5 d6 6. e4 g6 7. Bd3 Bg7 8. O-O O-O 9. Bg5 h6 10. Bd2 c4
11. Bc2 Re8 12. Nc3 b5 13. Nxb5 Nxe4 14. Bxe4 Rxe4 15. Bc3 Bg4 16. h3 Qb6 17. a4 Bd7 18. Bxg7 Kxg7 19. Nd2 Rh4 20. Qc1 Bxb5
21. Qc3+ Kg8 22. axb5 Qxb5 23. Qf6 Rh5 24. Qd8+ Kg7 25. Ne4 Rxd5 26. Qf6+ Kg8 27. Qd8+ Kg7 28. Qf6+ Kg8 29. Nc3
1-0

[Event "August 1800+"]
[Site "SchemingMind.com"]
[Date "2015.08.17"]
[Round "-"]
[White "Borgov"]
[Black "Abstract Actuary"]
[Result "0-1"]
[WhiteCountry "ENG"]
[BlackCountry "USA"]
[WhiteElo "1645"]
[WhiteRD "65"]
[BlackElo "1901"]
[BlackRD "66"]
[GameID "386137"]

1. d4 Nf6 2. Nf3 e6 3. e3 d5 4. Bd3 c5 5. b3 a6 6. O-O b5 7. c4 bxc4 8. bxc4 cxd4 9. exd4 dxc4 10. Bxc4 Bb7
0-1

[Event "August 1800+"]
[Site "SchemingMind.com"]
[Date "2015.08.17"]
[Round "-"]
[White "Borgov"]
[Black "Stephen Woodhouse"]
[Result "0-1"]
[WhiteCountry "ENG"]
[BlackCountry "ENG"]
[WhiteElo "1645"]
[WhiteRD "65"]
[BlackElo "1927"]
[BlackRD "48"]
[GameID "386140"]

1. d4 e6 2. Nf3 d5 3. e3 c5 4. b3 Nc6 5. Bd3 Nf6 6. O-O Be7 7. Bb2 O-O 8. a3 Bd7 9. Nbd2 Rc8 10. Ne5 cxd4
11. exd4 Nxe5 12. dxe5 Ne8 13. Qh5 g6 14. Qh3 Ng7 15. f4 Bb5 16. c4 dxc4 17. Nxc4 Bc5+
0-1

[Event "August 1800+"]
[Site "SchemingMind.com"]
[Date "2015.08.17"]
[Round "-"]
[White "Stephen Woodhouse"]
[Black "Borgov"]
[Result "1-0"]
[WhiteCountry "ENG"]
[BlackCountry "ENG"]
[WhiteElo "1927"]
[WhiteRD "48"]
[BlackElo "1645"]
[BlackRD "65"]
[GameID "386141"]

1. e4 e6 2. d4 d5 3. Nd2 Nf6 4. e5 Nfd7 5. Bd3 c5 6. c3 Nc6 7. Ne2 cxd4 8. cxd4 f6 9. exf6 Nxf6 10. O-O Bd6
11. Nf3 Qc7 12. Bg5 O-O 13. Rc1 h6 14. Bh4 Nh5 15. Bg3 Nxg3 16. hxg3 a6 17. Bb1 Qf7 18. Qd3
1-0

[Event "August 1800+"]
[Site "SchemingMind.com"]
[Date "2015.08.17"]
[Round "-"]
[White "Borgov"]
[Black "frankly"]
[Result "0-1"]
[WhiteCountry "ENG"]
[BlackCountry "ENG"]
[WhiteElo "1645"]
[WhiteRD "65"]
[BlackElo "2454"]
[BlackRD "56"]
[GameID "386142"]

1. d4 Nf6 2. Nf3 d5 3. e3 Bf5 4. c4 c6 5. Nc3 e6 6. Nh4 Be4 7. f3 Bg6 8. Qb3 Qc7 9. g3 Be7 10. Nxg6 hxg6
11. Bd2 a6 12. Rc1 dxc4 13. Bxc4 Nbd7
0-1

[Event "August 1800+"]
[Site "SchemingMind.com"]
[Date "2015.08.17"]
[Round "-"]
[White "frankly"]
[Black "Borgov"]
[Result "1-0"]
[WhiteCountry "ENG"]
[BlackCountry "ENG"]
[WhiteElo "2454"]
[WhiteRD "56"]
[BlackElo "1645"]
[BlackRD "65"]
[GameID "386143"]

1. d4 Nf6 2. Nf3 g6 3. c4 Bg7 4. Nc3 d6 5. e4 O-O 6. Be2 e5 7. O-O Nc6 8. d5 Ne7 9. b4 Nh5 10. Re1 f5
11. Ng5 Nf6 12. Bf3 c6 13. Be3
1-0

[Event "August 1800+"]
[Site "SchemingMind.com"]
[Date "2015.08.17"]
[Round "-"]
[White "Borgov"]
[Black "shg"]
[Result "0-1"]
[WhiteCountry "ENG"]
[BlackCountry "POL"]
[WhiteElo "1645"]
[WhiteRD "65"]
[BlackElo "2385"]
[BlackRD "82"]
[GameID "386144"]

1. d4 Nf6 2. Nf3 e6 3. e3 d5 4. Bd3 c5 5. b3 Nc6 6. O-O Be7 7. Bb2 O-O 8. a3 b6 9. Nbd2 cxd4 10. exd4 Qc7
0-1

[Event "August 1800+"]
[Site "SchemingMind.com"]
[Date "2015.08.26"]
[Round "-"]
[White "Abstract Actuary"]
[Black "David Carter"]
[Result "1/2-1/2"]
[WhiteCountry "USA"]
[BlackCountry "USA"]
[WhiteElo "1901"]
[WhiteRD "66"]
[BlackElo "2001"]
[BlackRD "78"]
[GameID "386326"]

1. e4 e5 2. Nf3 Nc6 3. Bb5 a6 4. Ba4 Nf6 5. O-O Nxe4 6. Re1 Nc5 7. Bxc6 dxc6 8. Nxe5 Be7 9. d4 Ne6 10. c3 O-O
11. Qf3 f6 12. Ng4 Qd5 13. Qe2 Bd7 14. Nd2 Rae8 15. Ne3 Nf4 16. Nxd5 Nxe2+ 17. Rxe2 cxd5 18. h3 Bb5 19. Re3 Bd6 20. Nf3 Re4
21. Bd2 Rfe8 22. Rae1 Kf7 23. g3 g5 24. Kg2 Bd7 25. Nh2 Rxe3=
1/2-1/2

[Event "August 1800+"]
[Site "SchemingMind.com"]
[Date "2015.08.26"]
[Round "-"]
[White "David Carter"]
[Black "Abstract Actuary"]
[Result "1/2-1/2"]
[WhiteCountry "USA"]
[BlackCountry "USA"]
[WhiteElo "2038"]
[WhiteRD "83"]
[BlackElo "1897"]
[BlackRD "70"]
[GameID "386327"]

1. d4 Nf6 2. c4 e6 3. Nc3 Bb4 4. e3 c5 5. Bd3 Nc6 6. Nf3 d5 7. O-O O-O 8. a3 cxd4 9. axb4 dxc3 10. bxc3 b6
11. Ba3 Re8 12. c5 bxc5 13. b5 c4 14. Bxh7+ Kxh7 15. bxc6 Rh8 16. h3 Ne4 17. Nd2 Nxd2 18. Qxd2 Qb6 19. Qd4 Qxc6 20. Qh4+ Kg8
21. Qd8+ Kh7 22. Qh4+=
1/2-1/2

[Event "August 1800+"]
[Site "SchemingMind.com"]
[Date "2015.08.22"]
[Round "-"]
[White "John Hamer"]
[Black "David Carter"]
[Result "1/2-1/2"]
[WhiteCountry "ENG"]
[BlackCountry "USA"]
[WhiteElo "2013"]
[WhiteRD "60"]
[BlackElo "2001"]
[BlackRD "78"]
[GameID "386328"]

1. d4 d5 2. Nf3 Nf6 3. c4 c6 4. Nc3 dxc4 5. a4 Bf5 6. e3 e6 7. Bxc4 Bb4 8. O-O Nbd7 9. Qe2 Bg6 10. Rd1 O-O
11. Bd2 Qe7 12. a5 e5 13. Nxe5 Nxe5 14. dxe5 Qxe5 15. Ne4 Bxd2 16. Nxf6+ Qxf6 17. Rxd2 Rad8 18. Rad1 h6 19. b4 a6 20. f3 Qe7
21. Qf2 Rde8 22. Rd6 Rd8 23. Rxd8 Rxd8 24. Rxd8+ Qxd8 25. Qe1 Qd6 26. Qc3 Kf8 27. e4 f6 28. Bd3 Bf7 29. g3 Ke7 30. f4 Kd7
31. Kf2 Ke7=
1/2-1/2

[Event "August 1800+"]
[Site "SchemingMind.com"]
[Date "2015.08.22"]
[Round "-"]
[White "David Carter"]
[Black "John Hamer"]
[Result "1/2-1/2"]
[WhiteCountry "USA"]
[BlackCountry "ENG"]
[WhiteElo "2038"]
[WhiteRD "83"]
[BlackElo "2029"]
[BlackRD "60"]
[GameID "386329"]

1. d4 d5 2. c4 e6 3. Nc3 Nf6 4. Bg5 c6 5. e3 Be7 6. Nf3 O-O 7. Qc2 Nbd7 8. Rd1 Re8 9. Bd3 dxc4 10. Bxc4 b5
11. Bd3 Bb7 12. e4 h6 13. Bh4 b4 14. Bxf6 Bxf6 15. Na4 e5 16. Nc5 Nxc5 17. dxc5 Qe7 18. O-O Rad8 19. Bc4 Rf8=
1/2-1/2

[Event "August 1800+"]
[Site "SchemingMind.com"]
[Date "2015.08.22"]
[Round "-"]
[White "David Carter"]
[Black "Stephen Woodhouse"]
[Result "1-0"]
[WhiteCountry "USA"]
[BlackCountry "ENG"]
[WhiteElo "2038"]
[WhiteRD "83"]
[BlackElo "1881"]
[BlackRD "49"]
[GameID "386332"]

1. d4 e6 2. e4 d5 3. exd5 exd5 4. c4 Nf6 5. Nc3 Bb4 6. Nf3 O-O 7. Bd3 Qe7+ 8. Be3 dxc4 9. Bxc4 Ng4 10. O-O Nxe3
11. fxe3 Qxe3+ 12. Kh1 Bxc3 13. bxc3 Qxc3 14. Rc1 Qb4 15. Ng5 Qe7 16. Qh5 h6 17. Nxf7 Be6 18. Nxh6+ gxh6 19. Qg6+
1-0

[Event "August 1800+"]
[Site "SchemingMind.com"]
[Date "2015.08.22"]
[Round "-"]
[White "Stephen Woodhouse"]
[Black "David Carter"]
[Result "0-1"]
[WhiteCountry "ENG"]
[BlackCountry "USA"]
[WhiteElo "1881"]
[WhiteRD "49"]
[BlackElo "2038"]
[BlackRD "83"]
[GameID "386333"]

1. e4 e5 2. Nf3 Nc6 3. d4 exd4 4. Nxd4 Qh4 5. Nc3 Bb4 6. Nb5 Qxe4+ 7. Be2 Bxc3+ 8. bxc3 Kd8 9. O-O a6 10. Nd4 Nxd4
11. cxd4 Nf6 12. Bf3 Qf5 13. Re1 d6 14. c4 Re8 15. Ba3 Qa5 16. Rxe8+ Kxe8 17. Qe2+ Kf8 18. Re1 Bd7 19. Rb1 Qxa3 20. Rxb7 Re8
21. Qd2 Qxa2
0-1

[Event "August 1800+"]
[Site "SchemingMind.com"]
[Date "2015.08.22"]
[Round "-"]
[White "David Carter"]
[Black "frankly"]
[Result "0-1"]
[WhiteCountry "USA"]
[BlackCountry "ENG"]
[WhiteElo "2001"]
[WhiteRD "78"]
[BlackElo "2454"]
[BlackRD "56"]
[GameID "386334"]

1. d4 Nf6 2. c4 g6 3. Nc3 Bg7 4. e4 d6 5. Be2 O-O 6. Nf3 e5 7. d5 a5 8. O-O Na6 9. Qc2 Nh5 10. Ne1 Nf4
11. Bf3 Nc5 12. Be3 b6 13. Kh1 f5 14. g3 fxe4 15. Nxe4 Nxe4 16. Bxe4 Nh5 17. b3 a4 18. b4 Qd7 19. Rc1 Nf6 20. Bg2 Ng4
21. Nd3 Qf5 22. h3 Qh5
0-1

[Event "August 1800+"]
[Site "SchemingMind.com"]
[Date "2015.08.22"]
[Round "-"]
[White "frankly"]
[Black "David Carter"]
[Result "1-0"]
[WhiteCountry "ENG"]
[BlackCountry "USA"]
[WhiteElo "2454"]
[WhiteRD "56"]
[BlackElo "2001"]
[BlackRD "78"]
[GameID "386335"]

1. d4 d5 2. Nf3 Nf6 3. c4 c6 4. Nc3 dxc4 5. a4 Bf5 6. Ne5 Nbd7 7. Nxc4 Qc7 8. g3 e5 9. dxe5 Nxe5 10. Bf4 Nfd7
11. Bg2 g5 12. Ne3 gxf4 13. Nxf5 O-O-O 14. Qc2 Ng6 15. O-O-O Kb8 16. Qb3 Nde5 17. Rxd8+ Qxd8 18. Ne4 Qc7 19. Rd1 fxg3 20. hxg3 h5
21. f4 Ng4 22. Ng5 Nxf4 23. Nxf7
1-0